000 00596nam a2200205Ia 4500
005 20260429111918.0
008 260429s9999||||xx |||||||||||||| ||und||
020 _a9781041202585
041 _aEnglish
082 _a659.2
_bNII
100 _aNiininen, Outi
245 0 _aSocial media for progressive public relations /
_cOuti Niininen
250 _a1st ed.
260 _aUnited Kingdom :
_bRoutledge,
_c2023.
300 _axviii, 252 p.; hb
440 _aRoutledge new directions in PR and communication research
650 _a Social media
650 _aPublic relations
942 _cTB
999 _c51395
_d51395